000 00558nam a22001937a 4500
003 MPLRDC
005 20220104185311.0
008 210129b ||||| |||| 00| 0 eng d
020 _a7-80762-689-3
082 _a047.2 TSTX v.3
100 _a《图说天下。探索发现系列》编委会编
245 _a中国历史悬案
_c
250 _a一版二刷
260 _a中国
_b吉林出版集团有限责任公司
_c2008
300 _b
490 _a图说天下。探索发现系列
650 _a儿童百科全书
942 _cBK
_o047.2 TSTX v.3
999 _c63270
_d63260